Random Trivia to World Capital (Extremely difficult) - Statistics

General Stats
  • This quiz has been taken 133 times
  • The average score is 9 of 20
Answer Stats
Hint Answer % Correct
Sigmund Freud Vienna
88%
Trondheim Oslo
77%
Third largest island in Carribean Kingston
75%
Haile Selassie Addis Ababa
66%
Where Ghurkas come from Kathmandu
66%
Borders Ivory Coast, Burkina Faso and Togo Accra
58%
FARC Bogota
57%
Fourth largest island in the world Antananarivo
48%
Lester B. Pearson Ottawa
42%
World's richest country per capita Doha
41%
King Mswati Mbabane
41%
Official languages (nationally) are Spanish and Guarani Asuncion
38%
Sovereign state on an island between St Vincent and Trinidad St George's
35%
Tartu Tallinn
32%
Smaller of two countries with Leu as currency Chisinau
26%
Red flag, southern cross in blue square in top right corner Apia
23%
Blue/White/Green horizontal stripes. Crescent moon and 12 white stars in top left corner Tashkent
23%
Volcan Tajumulco Guatemala City
10%
.pw Ngerulmud
10%
Takin is national animal Thimphu
8%
No matching quizzes found
Score Distribution
Percent of People with Each Score
Percentile by Number Answered
Your Score History
You have not taken this quiz